03172nam a2200337 a 4500003000400000005001700004007001500021008004100036040000800077100004900085245038300134264004400517300006000561336002700621337002900648338003900677502002800716504005900744520142200803650004202225650003902267700005502306700004702361700005302408700004702461700004902508856008802557942005602645999001902701952011402720OSt20240927135338.0cr ||||||a|c|a240626s2021 mx a|||fom||| 001 0 spa d erda1 9185958aMarroquín Verdugo, Jesús Antonio10aEvaluación de insecticidas para el control de grana o cochinilla (Dactylopius opuntiae (cockerell)) en el cultivo de nopalverdura (Opuntia Ficus-Indica) /cpor Jesús Antonio Marroquín Verdugo; director de tesis Oscar Esquivel Arriaga; secretario Ordaz silva Salvador; vocal Hernández Bautista Cristobal; suplente Andrés Ríos Romero; suplente Gabriel García Romero. 1aBermejillo, Durango :bEl autor,c2021. a1 recurso en línea (76 páginas):bcuadros, figuras. 2rdacontentatextobtxt 2rdamediaacomputadorabc 2rdacarrierarecurso en líneabcr bISAgcURUZAd2021.gLIC aIncluye referencias bibliográficas: páginas 56-65. aEl nopal verdura (Opuntia ficus-indica) es un cultivo de suma importancia para el municipio de San Quintín, obteniendo un rendimiento de 48 toneladas por hectárea en promedio para el 2019, sin embargo, la mayoría de estos cultivos son explotados bajo una logística de agricultura convencional, la cual ha generado impactos negativos en el ambiente debido al uso de insecticidas. Dactylopius opuntiae es una de las plagas que más afectan la producción de nopal verdura, afectándola hasta en un 50 %, siendo el control químico el más utilizado por los productores del municipio, aunque el control con insecticidas de origen botánico puede ser una alternativa. El objetivo de esta investigación fue evaluar la efectividad de tres agroquímicos, dos de ellos utilizados regularmente en la región y uno de origen botánico. Se estableció un diseño completamente al azar con los tres tratamientos, un testigo y tres repeticiones en un cultivar de nopal verdura en el Rancho Paniagua, basándonos con la tabla de infestación de Mora-Aguilera et al., 2000, obteniendo los niveles de infestación iniciales y finales desde la primera hasta la tercera aplicación. Los datos fueron analizados con el programa SAS®, encontrándose diferencias significativas (P<0.05) entre los tratamientos de origen botánico y los de origen convencional, sobresaliendo el tratamiento de origen botánico. 49129744aCochinilla del nopalxControl 49140295aInsecticidas x Análisis1 938149aEsquivel Arriaga, OscareDirector de tesis.1 9189273aOrdaz Silva, SalvadoreSecretario.1 953842aHernández Bautista, CristóbaleVocal.1 9187265aRíos Romero, AndréseSuplente.1 9188865aGarcía Herrera, GabrieleSuplente. uhttp://10.13.5.2/tesis/tl/2021_ZA_Marroquin_Verdugo_JesusAntonio.PDFzDESCARGAR PDF 2Clasificación Universidad Autónoma ChapingocTD c220025d220025 00102local4051708TesDigLaBDbBDcE_Ld2024-06-26l0oTesis digitalr2024-06-26 00:00:00w2024-06-26yTD